|
|
|
|
| LEADER |
00000nab a2200000 a 4500 |
| 001 |
vtls000653704 |
| 003 |
SK-MaSNL |
| 005 |
20260304085911.0 |
| 008 |
250425c xo 0 slo |
| 015 |
|
|
|a SNBRA1998/02-04464
|
| 035 |
|
|
|a CLN000005897
|
| 035 |
|
|
|a (urnnbn)urn:nbn:sk:snk:ar-006qda
|
| 035 |
|
|
|a (uuid)165d7a26-99f1-459e-a2ae-e59f992f242c
|
| 035 |
|
|
|a urn:nbn:sk:snk-ab888e
|
| 040 |
|
|
|a SNKBUCL
|b slo
|c SNKBUCL
|e AACR2
|
| 041 |
0 |
|
|a cze
|
| 044 |
|
|
|a xo
|c SK
|
| 080 |
|
|
|a 528.9:061.3
|2 1997
|
| 100 |
1 |
|
|a Voženílek, Vít
|4 aut
|9 798564
|
| 245 |
1 |
0 |
|a Kartografie na přelomu tisíciletí
|b (12. kartografická konference)
|c Vít Voženílek
|
| 300 |
|
|
|b Obr.
|
| 648 |
|
7 |
|a 1997
|2 SNK
|9 283446
|
| 650 |
0 |
7 |
|a kartografia
|2 SNKPH
|9 820
|
| 650 |
0 |
7 |
|a konferencie
|2 SNKPH
|9 19221
|
| 655 |
|
7 |
|a články z novín a časopisov
|2 SNK
|9 267496
|
| 773 |
0 |
|
|t Geodetický a kartografický obzor
|g Roč. 44 (86), č. 1 (1998), s. 14-15
|x 0016-7096
|
| 850 |
|
|
|a Slovenská národná knižnica
|
| 852 |
|
|
|a Slovenská národná knižnica
|
| 954 |
|
|
|a odborná, vedecká literatúra cudzojazyčná (svetová)
|2 lita
|
| 958 |
|
|
|a article9
|
| 958 |
|
|
|a OND
|
| 958 |
|
|
|a EUIPO
|
| 992 |
|
|
|a RBX
|
| 999 |
|
|
|c 2809639
|d 2811569
|